000 00358nam a2200145Ia 4500
100 _aNaskar/T.K
650 _aAutomobiles
942 _cBK
366 _f20
654 _aAutoLISP- an insight into Autocad Programming
245 _aAutoLISP- an insight into Autocad Programming
260 _bJaico publishing
_aMumbai
300 _a174
546 _aENGLISH
999 _c22461
_d22461